Statistics for 20 Countries with Geographical Center closest to the Tropic of Cancer

Click here to take the quiz!

General Stats

  • This quiz has been taken 68 times
  • The average score is 14 of 20

Answer Stats

LAT COUNTRY% Correct
23.9 Mexico
92%
22.9 India
89%
26.4 Egypt
85%
23.9 Saudi Arabia
82%
28.1 Algeria
82%
27.0 Libya
81%
21.7 Cuba
77%
21.2 Burma
74%
23.5 United Arab Emirates
69%
24.3 Bahamas
69%
19.0 Dominican Republic
69%
19.0 Haiti
68%
23.8 Bangladesh
68%
20.4 Oman
61%
25.2 Qatar
58%
20.3 Mauritania
58%
28.3 Nepal
56%
27.4 Bhutan
52%
26.0 Bahrain
52%
23.6 Taiwan
48%

Score Distribution

Percentile by Number Answered

Percent of People with Each Score

Your Score History

You have not taken this quiz